[Event "Serbia ch 2011"]
[Site "Kragujevac SRB"]
[Date "2011.03.03"]
[Round "4.6"]
[White "Perunovic, Milos"]
[Black "Bogosavljevic, Boban"]
[Result "1-0"]
[WhiteElo "2565"]
[BlackElo "2561"]
[PlyCount "53"]
[EventDate "2011.02.28"]
[EventType "tourn"]
[EventRounds "13"]
[EventCountry "SER"]
[EventCategory "10"]
[Source "lmi"]
[SourceDate "2011.02.28"]

1. e4 e5 2. Nf3 d6 3. d4 exd4 4. Nxd4 Nf6 5. Nc3 Be7 6. Be2 O-O 7. Bf4 Nc6 8.
Qd2 a5 9. O-O-O Nxd4 10. Qxd4 a4 11. a3 Be6 12. e5 dxe5 13. Qxe5 Bd6 14. Qd4
Bxf4+ 15. Qxf4 Qe7 16. Bf3 c6 17. Rd4 Nd7 18. Rhd1 Nc5 19. h4 h6 20. Nxa4 g5
21. hxg5 hxg5 22. Qh2 Rxa4 23. Rh1 Nb3+ 24. cxb3 Qc5+ 25. Kb1 Bf5+ 26. Be4 Qxd4
27. Bxf5 1-0

[Event "Serbia ch 2011"]
[Site "Kragujevac SRB"]
[Date "2011.03.04"]
[Round "5.1"]
[White "Ivanisevic, Ivan"]
[Black "Drazic, Sinisa"]
[Result "1-0"]
[WhiteElo "2630"]
[BlackElo "2487"]
[PlyCount "63"]
[EventDate "2011.02.28"]
[EventType "tourn"]
[EventRounds "13"]
[EventCountry "SER"]
[EventCategory "10"]
[Source "lmi"]
[SourceDate "2011.02.28"]

1. d4 f5 2. e4 fxe4 3. Nc3 Nf6 4. Bg5 Nc6 5. d5 Ne5 6. Qe2 Nf7 7. Bxf6 exf6 8.
Nxe4 Bb4+ 9. c3 Be7 10. d6 cxd6 11. Qd2 Qc7 12. Ne2 d5 13. Qxd5 O-O 14. Nd4 g6
15. Nb5 Qb6 16. O-O-O Kg7 17. Bc4 d6 18. Rhe1 Ne5 19. Bb3 Bd7 20. Nd4 f5 21. f4
fxe4 22. fxe5 e3 23. Kb1 Bf5+ 24. Ka1 a5 25. exd6 Bf6 26. Nxf5+ gxf5 27. Qxf5
Kh8 28. Bc2 Rf7 29. Qe6 Raf8 30. Rxe3 Qc5 31. Rh3 b5 32. Qe4 1-0

[Event "Serbia ch 2011"]
[Site "Kragujevac SRB"]
[Date "2011.03.04"]
[Round "5.2"]
[White "Bogosavljevic, Boban"]
[Black "Lukovic, Vladimir"]
[Result "0-1"]
[WhiteElo "2561"]
[BlackElo "2234"]
[PlyCount "106"]
[EventDate "2011.02.28"]
[EventType "tourn"]
[EventRounds "13"]
[EventCountry "SER"]
[EventCategory "10"]
[Source "lmi"]
[SourceDate "2011.02.28"]

1. Nf3 Nf6 2. g3 g6 3. Bg2 Bg7 4. O-O O-O 5. c4 c6 6. d3 d5 7. Qc2 Nbd7 8. Nc3
Re8 9. cxd5 Nxd5 10. e4 Nxc3 11. bxc3 e5 12. Bg5 Qc7 13. d4 c5 14. d5 Nb6 15.
Nd2 Bd7 16. Rae1 Nc8 17. h4 h5 18. Be3 Nd6 19. c4 Rf8 20. Qb3 Rae8 21. Kh2 Bc8
22. f3 f5 23. exf5 gxf5 24. f4 e4 25. Qd1 b5 26. cxb5 c4 27. Qa4 Bd7 28. Qb4 c3
29. Nb3 Nxb5 30. Bc5 c2 31. Rc1 a5 32. Qc4 Rf7 33. Rxc2 Rc8 34. Rfc1 a4 35. Nd2
Qb7 36. Qe2 Qxd5 37. Nf1 Nc3 38. Rxc3 Bxc3 39. Ba3 Bg7 40. Rd1 Qc4 41. Qf2 Be6
42. Rd2 Rd7 43. Rxd7 Bxd7 44. Qa7 Qd4 45. Qb7 Rc2 46. Bb4 Qf2 47. Qd5+ Kh8 48.
Bd2 Qd4 49. Qf7 Rxd2 50. Nxd2 Qxd2 51. Qxh5+ Kg8 52. Qg5 e3 53. Kh3 e2 0-1

[Event "Serbia ch 2011"]
[Site "Kragujevac SRB"]
[Date "2011.03.04"]
[Round "5.3"]
[White "Pikula, Dejan"]
[Black "Perunovic, Milos"]
[Result "1/2-1/2"]
[WhiteElo "2537"]
[BlackElo "2565"]
[PlyCount "32"]
[EventDate "2011.02.28"]
[EventType "tourn"]
[EventRounds "13"]
[EventCountry "SER"]
[EventCategory "10"]
[Source "lmi"]
[SourceDate "2011.02.28"]

1. e4 c5 2. Nf3 d6 3. c3 Nf6 4. Be2 Nbd7 5. Qc2 Qc7 6. O-O b6 7. Re1 Bb7 8. Bf1
g6 9. h3 Bg7 10. d3 O-O 11. Bf4 e5 12. Bh2 b5 13. a4 bxa4 14. Qxa4 a5 15. Nbd2
Rfb8 16. Qa2 Nh5 1/2-1/2

[Event "Serbia ch 2011"]
[Site "Kragujevac SRB"]
[Date "2011.03.04"]
[Round "5.4"]
[White "Saric, Sinisa"]
[Black "Miladinovic, Igor"]
[Result "0-1"]
[WhiteElo "2448"]
[BlackElo "2556"]
[PlyCount "82"]
[EventDate "2011.02.28"]
[EventType "tourn"]
[EventRounds "13"]
[EventCountry "SER"]
[EventCategory "10"]
[Source "lmi"]
[SourceDate "2011.02.28"]

1. d4 d5 2. c4 Bf5 3. cxd5 Bxb1 4. Qa4+ c6 5. Rxb1 Qxd5 6. Nf3 Nd7 7. Bd2 Ngf6
8. e3 Nb6 9. Qa5 Ne4 10. Qxd5 Nxd5 11. Bd3 Nxd2 12. Kxd2 e6 13. Rbc1 Bd6 14.
Ng5 e5 15. Nf3 exd4 16. Nxd4 Be5 17. a3 Bxd4 18. exd4 O-O-O 19. Rhe1 Rd6 20.
Rcd1 Rhd8 21. g3 Nc7 22. Kc3 Rxd4 23. Kc2 Ne6 24. Re3 g6 25. h4 R8d5 26. f4 a5
27. Kc3 Kc7 28. Rf1 a4 29. Rff3 b5 30. Re5 Rxe5 31. fxe5 Rd7 32. h5 Re7 33. Rf6
Nc5 34. Bc2 Nd7 35. hxg6 hxg6 36. Rf1 Nxe5 37. b3 axb3 38. Bxb3 f5 39. a4 bxa4
40. Bxa4 Ng4 41. Kd4 Re4+ 0-1

[Event "Serbia ch 2011"]
[Site "Kragujevac SRB"]
[Date "2011.03.04"]
[Round "5.5"]
[White "Abramovic, Bosko"]
[Black "Sedlak, Nikola"]
[Result "0-1"]
[WhiteElo "2460"]
[BlackElo "2556"]
[PlyCount "92"]
[EventDate "2011.02.28"]
[EventType "tourn"]
[EventRounds "13"]
[EventCountry "SER"]
[EventCategory "10"]
[Source "lmi"]
[SourceDate "2011.02.28"]

1. d4 e6 2. c4 f5 3. g3 Nf6 4. Bg2 c6 5. Nf3 d5 6. O-O Bd6 7. b3 Qe7 8. Bb2 O-O
9. Nbd2 b6 10. Ne5 Bb7 11. Rc1 a5 12. e3 Na6 13. Qe2 Nc7 14. Rfd1 a4 15. Nd3
Ne4 16. f3 axb3 17. axb3 Nxd2 18. Qxd2 c5 19. f4 Na6 20. Ra1 Rfd8 21. cxd5 exd5
22. dxc5 bxc5 23. Be5 Rac8 24. Bxd6 Qxd6 25. Ne5 Qb6 26. Kh1 Nb4 27. h3 d4 28.
exd4 cxd4 29. Nc4 Bxg2+ 30. Qxg2 Qc7 31. Kh2 d3 32. Rd2 h5 33. h4 Qe7 34. Rad1
Qe4 35. Ne5 Kh7 36. Qf2 Rc2 37. Qb6 Nc6 38. Nc4 Re8 39. Qf2 Nd4 40. Nd6 Qe2 41.
Nxe8 Nf3+ 42. Kg2 Nxd2 43. Qxe2 dxe2 44. Re1 Nxb3 45. Kf2 Nc5 46. Rxe2 Ne4+ 0-1

[Event "Serbia ch 2011"]
[Site "Kragujevac SRB"]
[Date "2011.03.04"]
[Round "5.6"]
[White "Nestorovic, Lazar"]
[Black "Tadic, Branko"]
[Result "1/2-1/2"]
[WhiteElo "2323"]
[BlackElo "2518"]
[PlyCount "173"]
[EventDate "2011.02.28"]
[EventType "tourn"]
[EventRounds "13"]
[EventCountry "SER"]
[EventCategory "10"]
[Source "lmi"]
[SourceDate "2011.02.28"]

1. e4 c5 2. Nf3 d6 3. d4 cxd4 4. Nxd4 Nf6 5. Nc3 a6 6. f3 e5 7. Nb3 Be6 8. Be3
Be7 9. Qd2 O-O 10. O-O-O a5 11. Bb5 Na6 12. Qe2 Nc7 13. Nc5 Nxb5 14. Qxb5 Qc8
15. Nxe6 fxe6 16. Qb3 Ra6 17. Rd3 Ne8 18. Rhd1 Rf7 19. Na4 Rc6 20. Bb6 Nc7 21.
Bxa5 b5 22. Nc3 Na6 23. Bb4 Qb8 24. Kb1 Bf8 25. Ne2 Qb6 26. R3d2 g6 27. Qa3 Rd7
28. f4 exf4 29. Nxf4 Rc4 30. Ba5 Qc6 31. Qh3 Qxe4 32. Nxe6 Re7 33. Nxf8 Kxf8
34. Bc3 b4 35. Rf2+ Ke8 36. Bf6 Rf7 37. Qd3 Qxd3 38. cxd3 Rc5 39. d4 Rh5 40. h3
Kd7 41. Bh4 Rxf2 42. Bxf2 Rf5 43. Be3 Nc7 44. Kc2 Nd5 45. Kd3 Rf8 46. Ra1 Rc8
47. Rf1 Ke6 48. Bd2 Ra8 49. Re1+ Kd7 50. Kc4 Kc6 51. Bxb4 Nxb4 52. Kxb4 Rxa2
53. Kb3 Ra7 54. Kc4 Ra4+ 55. b4 d5+ 56. Kb3 Kb5 57. Re5 Rxb4+ 58. Kc3 Rc4+ 59.
Kd3 Kc6 60. Re7 Kd6 61. Rxh7 Ke6 62. Rg7 Kf6 63. Rd7 Ke6 64. Rd8 Ra4 65. Re8+
Kf6 66. Re5 Ra2 67. Rxd5 Rxg2 68. Re5 Ra2 69. Re3 Kf5 70. Kc4 Kf4 71. Re6 Kf5
72. Re3 Kf4 73. Re8 Ra3 74. h4 Kf5 75. d5 Ra4+ 76. Kc5 Rxh4 77. d6 Rh7 78. Kc6
g5 79. d7 Rxd7 80. Kxd7 g4 81. Kd6 g3 82. Kd5 Kf4 83. Kd4 g2 84. Rg8 Kf3 85.
Kd3 Kf2 86. Rf8+ Ke1 87. Kd4 1/2-1/2

[Event "Serbia ch 2011"]
[Site "Kragujevac SRB"]
[Date "2011.03.04"]
[Round "5.7"]
[White "Damljanovic, Branko"]
[Black "Milanovic, Danilo"]
[Result "1-0"]
[WhiteElo "2555"]
[BlackElo "2517"]
[PlyCount "81"]
[EventDate "2011.02.28"]
[EventType "tourn"]
[EventRounds "13"]
[EventCountry "SER"]
[EventCategory "10"]
[Source "lmi"]
[SourceDate "2011.02.28"]

1. d4 Nf6 2. Nf3 e6 3. c4 c5 4. d5 d6 5. Nc3 exd5 6. cxd5 g6 7. Nd2 Nbd7 8. e4
Bg7 9. Be2 O-O 10. O-O Re8 11. h3 a6 12. a4 Qc7 13. Qc2 Rb8 14. a5 b5 15. axb6
Nxb6 16. Re1 Bb7 17. Nf3 Nxe4 18. Nxe4 Nxd5 19. Ng3 Nb4 20. Qd1 d5 21. Bd2 a5
22. Bc3 d4 23. Bxb4 cxb4 24. Bd3 Rxe1+ 25. Nxe1 Bc6 26. Qc1 Qb6 27. Qf4 a4 28.
Nf3 a3 29. bxa3 b3 30. Rb1 Bd5 31. Nd2 Rc8 32. Ne2 h6 33. h4 b2 34. h5 Ba2 35.
hxg6 fxg6 36. Rf1 Bf7 37. Nb1 Qb3 38. Qf3 Bd5 39. Qh3 Rc6 40. Be4 Re6 41. Bxd5
1-0

[Event "Serbia ch 2011"]
[Site "Kragujevac SRB"]
[Date "2011.03.06"]
[Round "6.1"]
[White "Drazic, Sinisa"]
[Black "Milanovic, Danilo"]
[Result "1/2-1/2"]
[WhiteElo "2487"]
[BlackElo "2517"]
[PlyCount "76"]
[EventDate "2011.02.28"]
[EventType "tourn"]
[EventRounds "13"]
[EventCountry "SER"]
[EventCategory "10"]
[Source "lmi"]
[SourceDate "2011.02.28"]

1. d4 Nf6 2. Nf3 c5 3. c3 e6 4. e3 b6 5. Nbd2 Bb7 6. Bd3 Nc6 7. O-O Be7 8. a3
d5 9. Qe2 O-O 10. dxc5 bxc5 11. e4 Qc7 12. Re1 Nh5 13. g3 Nf6 14. e5 Nd7 15.
Nf1 a5 16. h4 Rfe8 17. Bf4 Qb6 18. Qc2 Nf8 19. h5 Ba6 20. N1h2 Reb8 21. Bxa6
Rxa6 22. Re2 Qb7 23. Rd1 Rb6 24. Bc1 Qa6 25. Rde1 Nd7 26. Kg2 Qb5 27. Ng4 Qb3
28. Qd2 Qa4 29. Kh3 R6b7 30. h6 g6 31. Ng5 Qc4 32. Qe3 Rb3 33. Qf3 Rf8 34. Qg2
Qa4 35. Qh1 Rfb8 36. Qf3 Rf8 37. Qh1 Rfb8 38. Qf3 Rf8 1/2-1/2

[Event "Serbia ch 2011"]
[Site "Kragujevac SRB"]
[Date "2011.03.06"]
[Round "6.2"]
[White "Tadic, Branko"]
[Black "Damljanovic, Branko"]
[Result "0-1"]
[WhiteElo "2518"]
[BlackElo "2555"]
[PlyCount "140"]
[EventDate "2011.02.28"]
[EventType "tourn"]
[EventRounds "13"]
[EventCountry "SER"]
[EventCategory "10"]
[Source "lmi"]
[SourceDate "2011.02.28"]

1. Nf3 c5 2. c4 Nc6 3. g3 g6 4. Bg2 Bg7 5. Nc3 d6 6. O-O Bd7 7. a3 Qc8 8. Re1
Bh3 9. Bh1 h5 10. b4 h4 11. bxc5 dxc5 12. Qb3 hxg3 13. hxg3 Bd7 14. Rb1 Na5 15.
Qc2 Kf8 16. Nd5 e6 17. Nc3 b6 18. Ne4 Nc6 19. Qd3 Qc7 20. Bg2 Rd8 21. Bb2 Bc8
22. Bxg7+ Kxg7 23. Qc3+ e5 24. Qb2 Bf5 25. Nh4 Bxe4 26. Bxe4 Nge7 27. Bg2 f6
28. d3 Rh6 29. Rbd1 Qd7 30. e3 g5 31. Nf3 g4 32. Nh4 Rdh8 33. Qb5 Rd8 34. d4
cxd4 35. c5 d3 36. cxb6 axb6 37. Be4 d2 38. Rf1 Na5 39. Qe2 Nb3 40. Bf5 Nxf5
41. Qxg4+ Kh8 42. Nxf5 Rh7 43. Qf3 Qd5 44. e4 Qd3 45. Qxd3 Rxd3 46. f3 Na5 47.
Kf2 Rh2+ 48. Kg1 Re2 49. Rf2 Re1+ 50. Rf1 Rxd1 51. Rxd1 Nc4 52. Kf2 Rxa3 53.
Ke2 Rc3 54. Ne7 b5 55. Nd5 Rc1 56. Nb4 Kg7 57. Nd3 Rc3 58. Nb4 Kf7 59. Nd3 Ke6
60. Nb4 Re3+ 61. Kf2 Rb3 62. Nd5 f5 63. Ke2 fxe4 64. fxe4 Rxg3 65. Nc7+ Kd6 66.
Nxb5+ Kc6 67. Rb1 Re3+ 68. Kf2 Rb3 69. Na7+ Kc7 70. Ra1 Nb2 0-1

[Event "Serbia ch 2011"]
[Site "Kragujevac SRB"]
[Date "2011.03.06"]
[Round "6.3"]
[White "Sedlak, Nikola"]
[Black "Nestorovic, Lazar"]
[Result "1/2-1/2"]
[WhiteElo "2556"]
[BlackElo "2323"]
[PlyCount "133"]
[EventDate "2011.02.28"]
[EventType "tourn"]
[EventRounds "13"]
[EventCountry "SER"]
[EventCategory "10"]
[Source "lmi"]
[SourceDate "2011.02.28"]

1. d4 Nf6 2. c4 e6 3. Nc3 Bb4 4. e3 d6 5. Nf3 O-O 6. Bd3 Nbd7 7. O-O e5 8. Qc2
Re8 9. Ng5 h6 10. Nge4 Nxe4 11. Nxe4 exd4 12. a3 d5 13. cxd5 Be7 14. exd4 Nb6
15. Nc3 Nxd5 16. Re1 Be6 17. Bh7+ Kh8 18. Bf5 Bxf5 19. Qxf5 Nf6 20. Bf4 Qxd4
21. Nb5 Qd5 22. Re5 Qc6 23. Rc1 Rad8 24. h3 Qd7 25. Nxc7 Qxf5 26. Rxf5 Rf8 27.
Rb5 b6 28. Be5 Rd7 29. Na6 Rfd8 30. Kh2 Rd2 31. Rc7 R8d7 32. f3 Kh7 33. Bf4 Bd6
34. Bxd6 R2xd6 35. Rxd7 Nxd7 36. a4 Rd2 37. b4 g6 38. Nc7 Rc2 39. Na6 Rd2 40.
a5 Kg8 41. Nc7 Rd6 42. Rd5 Rxd5 43. Nxd5 bxa5 44. bxa5 f5 45. Kg3 Kf7 46. Kf4
Nb8 47. Nb4 Ke6 48. h4 Nd7 49. Ke3 Kd6 50. Kd4 g5 51. hxg5 hxg5 52. Kc4 Ne5+
53. Kb5 f4 54. a6 Kc7 55. Kc5 g4 56. fxg4 Nxg4 57. Nc6 Nf6 58. Nxa7 Nd7+ 59.
Kb5 Ne5 60. Ka5 Nc4+ 61. Kb4 Ne5 62. Kc5 Nd7+ 63. Kd5 Kb6 64. Nc6 Kxa6 65. Ke6
Nc5+ 66. Kf5 Nd3 67. Nb4+ 1/2-1/2

[Event "Serbia ch 2011"]
[Site "Kragujevac SRB"]
[Date "2011.03.06"]
[Round "6.4"]
[White "Miladinovic, Igor"]
[Black "Abramovic, Bosko"]
[Result "1-0"]
[WhiteElo "2556"]
[BlackElo "2460"]
[PlyCount "62"]
[EventDate "2011.02.28"]
[EventType "tourn"]
[EventRounds "13"]
[EventCountry "SER"]
[EventCategory "10"]
[Source "lmi"]
[SourceDate "2011.02.28"]

1. d4 Nf6 2. Bg5 e6 3. e3 c5 4. c3 b6 5. Nd2 Bb7 6. Ngf3 Be7 7. Bd3 d6 8. Bxf6
Bxf6 9. Qe2 Qc7 10. e4 Be7 11. a3 a6 12. O-O O-O 13. Rfe1 Nd7 14. a4 Rfe8 15.
Nf1 Bf6 16. Ne3 g6 17. b4 Bg7 18. Rab1 cxd4 19. cxd4 Rec8 20. d5 exd5 21. Nxd5
Qd8 22. Bc4 a5 23. bxa5 Bxd5 24. exd5 Rxa5 25. Bb5 Nc5 26. Qd1 Qc7 27. Nd4 Bxd4
28. Qxd4 Nd7 29. Rb4 Qd8 30. h3 Ra7 31. Qe3 Rb8 1-0

[Event "Serbia ch 2011"]
[Site "Kragujevac SRB"]
[Date "2011.03.06"]
[Round "6.5"]
[White "Perunovic, Milos"]
[Black "Saric, Sinisa"]
[Result "1-0"]
[WhiteElo "2565"]
[BlackElo "2448"]
[PlyCount "95"]
[EventDate "2011.02.28"]
[EventType "tourn"]
[EventRounds "13"]
[EventCountry "SER"]
[EventCategory "10"]
[Source "lmi"]
[SourceDate "2011.02.28"]

1. e4 d5 2. exd5 Qxd5 3. Nc3 Qa5 4. g3 Nf6 5. Bg2 g6 6. Nge2 Bg7 7. b4 Qxb4 8.
Rb1 Qd6 9. Rxb7 c6 10. Rb3 Be6 11. Rb7 Bc8 12. Rb1 O-O 13. O-O Ba6 14. Rb3 Bc4
15. Ba3 Qd7 16. Rb4 Bd5 17. Nxd5 cxd5 18. Qb1 Nc6 19. Rb7 Qd8 20. Qb5 Rc8 21.
Nc3 Re8 22. Bc5 e6 23. Bxa7 Nxa7 24. Rxa7 d4 25. Ne4 Rxc2 26. a4 Nd5 27. Rd7
Qb8 28. Rb7 Qd8 29. a5 Ra2 30. Nd6 Rf8 31. Nxf7 Qe8 32. Qxe8 Rxe8 33. Nd6 Rf8
34. Bh3 Rxa5 35. Bxe6+ Kh8 36. Nf7+ Kg8 37. Rc1 d3 38. Ng5+ Kh8 39. Bxd5 Rxd5
40. Ne6 Rg8 41. Rcc7 Re5 42. Nxg7 Ra8 43. Re7 Rxe7 44. Rxe7 Ra2 45. Ne6 h6 46.
Rd7 Rxd2 47. Nf4 Rd1+ 48. Kg2 1-0

[Event "Serbia ch 2011"]
[Site "Kragujevac SRB"]
[Date "2011.03.06"]
[Round "6.6"]
[White "Lukovic, Vladimir"]
[Black "Pikula, Dejan"]
[Result "0-1"]
[WhiteElo "2234"]
[BlackElo "2537"]
[PlyCount "84"]
[EventDate "2011.02.28"]
[EventType "tourn"]
[EventRounds "13"]
[EventCountry "SER"]
[EventCategory "10"]
[Source "lmi"]
[SourceDate "2011.02.28"]

1. e4 c6 2. d4 d5 3. exd5 cxd5 4. Bd3 Nc6 5. c3 Qc7 6. h3 g6 7. Nf3 Bg7 8. O-O
Nh6 9. Re1 O-O 10. Na3 a6 11. Nc2 Bf5 12. Bxh6 Bxd3 13. Qxd3 Bxh6 14. Ne5 e6
15. a4 Nxe5 16. dxe5 Bg7 17. f4 Qb6+ 18. Nd4 Rfc8 19. Re2 Rc4 20. Kh2 Rac8 21.
g4 Qc7 22. Qg3 Qd7 23. h4 Rxa4 24. Rxa4 Qxa4 25. h5 Qd1 26. f5 gxf5 27. gxf5
Kh8 28. Rg2 Qxh5+ 29. Kg1 Bh6 30. fxe6 fxe6 31. Nxe6 Re8 32. Nc7 Rf8 33. Ne6
Re8 34. Nc7 d4 35. Nxe8 Be3+ 36. Kf1 Qd1+ 37. Qe1 Qf3+ 38. Rf2 Qh3+ 39. Kg1 d3
40. Qf1 Qg3+ 41. Qg2 Bxf2+ 42. Kf1 Qxg2+ 0-1

[Event "Serbia ch 2011"]
[Site "Kragujevac SRB"]
[Date "2011.03.06"]
[Round "6.7"]
[White "Ivanisevic, Ivan"]
[Black "Bogosavljevic, Boban"]
[Result "1-0"]
[WhiteElo "2630"]
[BlackElo "2561"]
[PlyCount "133"]
[EventDate "2011.02.28"]
[EventType "tourn"]
[EventRounds "13"]
[EventCountry "SER"]
[EventCategory "10"]
[Source "lmi"]
[SourceDate "2011.02.28"]

1. d4 Nf6 2. c4 e6 3. Nc3 Bb4 4. Qc2 O-O 5. Nf3 c5 6. dxc5 Na6 7. c6 bxc6 8. g3
Nc5 9. Bg2 Ba6 10. Nd2 Qa5 11. Ncb1 e5 12. O-O Ne6 13. a3 Bxd2 14. Nxd2 Nd4 15.
Qd1 d5 16. e3 Ne6 17. b4 Qb6 18. b5 cxb5 19. cxd5 Nc5 20. Bb2 Nd3 21. Bc3 b4
22. axb4 Rac8 23. Ra3 Bb5 24. h3 Rfd8 25. e4 h5 26. Qf3 h4 27. gxh4 Rd6 28. Qe3
Nd7 29. Kh2 Qd8 30. Rg1 Qxh4 31. Bf1 Ra6 32. Rxa6 Bxa6 33. Ba1 Nxb4 34. Bxa6
Nxa6 35. Nf3 Qf6 36. Rg5 Rc2 37. Kg2 Nac5 38. Bxe5 Nxe5 39. Rxe5 Qg6+ 40. Kh2
f6 41. Re7 Kf8 42. Nd4 Kxe7 43. Nxc2 Nxe4 44. Qxa7+ Kf8 45. Nd4 Kg8 46. Ne6 Qh6
47. d6 Ng5 48. Qb8+ Kh7 49. Qb1+ Kh8 50. Nxg5 Qxg5 51. Qd3 Qf4+ 52. Kg2 Qg5+
53. Kf3 Qh5+ 54. Kg2 Qg5+ 55. Kf1 Qc1+ 56. Ke2 Qb2+ 57. Kf3 Qb7+ 58. Kg3 Qd7
59. Qd5 Kh7 60. h4 Kg6 61. h5+ Kh6 62. Qd3 f5 63. Kf4 g6 64. hxg6 Kxg6 65. Qd4
Kh5 66. Qh8+ Kg6 67. Qg8+ 1-0

[Event "Serbia ch 2011"]
[Site "Kragujevac SRB"]
[Date "2011.03.07"]
[Round "7.1"]
[White "Bogosavljevic, Boban"]
[Black "Drazic, Sinisa"]
[Result "1-0"]
[WhiteElo "2561"]
[BlackElo "2487"]
[PlyCount "73"]
[EventDate "2011.02.28"]
[EventType "tourn"]
[EventRounds "13"]
[EventCountry "SER"]
[EventCategory "10"]
[Source "lmi"]
[SourceDate "2011.02.28"]

1. d4 Nf6 2. Nf3 g6 3. c4 Bg7 4. Nc3 d5 5. cxd5 Nxd5 6. e4 Nxc3 7. bxc3 c5 8.
Be3 Qa5 9. Qd2 Nc6 10. Rc1 cxd4 11. cxd4 Qxd2+ 12. Kxd2 O-O 13. d5 Rd8 14. Ke1
Ne5 15. Nxe5 Bxe5 16. Bc4 Bd7 17. Ke2 Rdc8 18. Bd3 b5 19. f4 Bc3 20. Bd2 Bxd2
21. Kxd2 Kf8 22. Ke3 Ke8 23. Kd4 Kd8 24. h4 Rab8 25. e5 Bf5 26. Be2 h5 27. g3
b4 28. Ba6 Rxc1 29. Rxc1 b3 30. axb3 Rxb3 31. Ra1 Rxg3 32. Bc4 Rf3 33. Rxa7
Rxf4+ 34. Kc5 Re4 35. Ra8+ Bc8 36. Ba6 Rxe5 37. Kc6 1-0

[Event "Serbia ch 2011"]
[Site "Kragujevac SRB"]
[Date "2011.03.07"]
[Round "7.2"]
[White "Pikula, Dejan"]
[Black "Ivanisevic, Ivan"]
[Result "0-1"]
[WhiteElo "2537"]
[BlackElo "2630"]
[PlyCount "86"]
[EventDate "2011.02.28"]
[EventType "tourn"]
[EventRounds "13"]
[EventCountry "SER"]
[EventCategory "10"]
[Source "lmi"]
[SourceDate "2011.02.28"]

1. e4 e5 2. Nf3 Nc6 3. Bc4 d6 4. d4 Bg4 5. dxe5 dxe5 6. Qxd8+ Rxd8 7. c3 Nf6 8.
Bg5 Be7 9. Nbd2 Nd7 10. Be3 Bc5 11. Bxc5 Nxc5 12. b4 Bxf3 13. bxc5 Bg4 14. f3
Bc8 15. Bb5 Bd7 16. Nb3 Ke7 17. O-O-O Nb8 18. Bxd7 Rxd7 19. Rxd7+ Kxd7 20. Rd1+
Kc8 21. Na5 Re8 22. Rd2 Re6 23. Rb2 b6 24. cxb6 axb6 25. Nc4 Nd7 26. Rd2 Nc5
27. Kc2 Re8 28. Rd5 f6 29. Ne3 c6 30. Rd2 Kc7 31. Nf5 g6 32. Ne3 b5 33. Kb2 h5
34. a3 Rb8 35. Ka2 Ra8 36. Kb2 Na4+ 37. Kb3 Nxc3 38. Rc2 Na4 39. Nd5+ Kd6 40.
Nxf6 Nc5+ 41. Ka2 b4 42. Rc4 Rxa3+ 43. Kb1 Nd3 0-1

[Event "Serbia ch 2011"]
[Site "Kragujevac SRB"]
[Date "2011.03.07"]
[Round "7.3"]
[White "Saric, Sinisa"]
[Black "Lukovic, Vladimir"]
[Result "1-0"]
[WhiteElo "2448"]
[BlackElo "2234"]
[PlyCount "79"]
[EventDate "2011.02.28"]
[EventType "tourn"]
[EventRounds "13"]
[EventCountry "SER"]
[EventCategory "10"]
[Source "lmi"]
[SourceDate "2011.02.28"]

1. d4 d5 2. c4 c6 3. Nc3 Nf6 4. e3 a6 5. Qc2 b5 6. b3 Bg4 7. Nge2 Bh5 8. Nf4
Bg6 9. Nxg6 hxg6 10. g3 e6 11. Bg2 Be7 12. O-O O-O 13. Rd1 Nbd7 14. e4 b4 15.
exd5 bxc3 16. dxc6 Nb6 17. Qxc3 a5 18. a3 Ra6 19. Bf4 Nc8 20. b4 axb4 21. axb4
Rxa1 22. Rxa1 Bxb4 23. Qxb4 Qxd4 24. Re1 Nd5 25. Bxd5 exd5 26. Bd6 Nxd6 27.
Qxd6 Qxc4 28. c7 Qg4 29. Qxd5 Kh7 30. Re7 Qf5 31. Qxf5 gxf5 32. Rxf7 Rc8 33. h4
Kg6 34. Rd7 Kf6 35. h5 Kg5 36. Rxg7+ Kxh5 37. f4 Kh6 38. Rg5 Rxc7 39. Rxf5 Rc2
40. Re5 1-0

[Event "Serbia ch 2011"]
[Site "Kragujevac SRB"]
[Date "2011.03.07"]
[Round "7.4"]
[White "Abramovic, Bosko"]
[Black "Perunovic, Milos"]
[Result "0-1"]
[WhiteElo "2460"]
[BlackElo "2565"]
[PlyCount "100"]
[EventDate "2011.02.28"]
[EventType "tourn"]
[EventRounds "13"]
[EventCountry "SER"]
[EventCategory "10"]
[Source "lmi"]
[SourceDate "2011.02.28"]

1. d4 d5 2. c4 c6 3. Nf3 Nf6 4. e3 a6 5. Nc3 b5 6. b3 Bg4 7. Be2 Nbd7 8. h3 Bf5
9. Bd3 Bxd3 10. Qxd3 e6 11. O-O Be7 12. cxd5 cxd5 13. a4 b4 14. Ne2 O-O 15. Bd2
Qb6 16. Rfc1 Rfc8 17. Rc2 Bd6 18. Rac1 Qb7 19. Be1 Kf8 20. Nd2 e5 21. f3 Rxc2
22. Qxc2 exd4 23. Nxd4 Bc5 24. Bg3 Re8 25. Nf1 Qb6 26. Bf2 g6 27. Ng3 Kg8 28.
Nge2 Nh5 29. Qd2 Qd6 30. Rc2 Qe5 31. g4 Nhf6 32. Nf4 Bf8 33. Nd3 Qb8 34. Kg2 a5
35. Bg3 Qd8 36. h4 Bg7 37. Nc6 Qa8 38. Nf4 Nb6 39. g5 Nh5 40. Nxh5 gxh5 41. Qd3
Nc4 42. bxc4 Qxc6 43. cxd5 Qxa4 44. Rc7 Rd8 45. Qc4 Qe8 46. e4 Be5 47. Bxe5
Qxe5 48. d6 Qf4 49. Re7 Rxd6 50. Re8+ Kg7 0-1

[Event "Serbia ch 2011"]
[Site "Kragujevac SRB"]
[Date "2011.03.07"]
[Round "7.5"]
[White "Nestorovic, Lazar"]
[Black "Miladinovic, Igor"]
[Result "1/2-1/2"]
[WhiteElo "2323"]
[BlackElo "2556"]
[PlyCount "89"]
[EventDate "2011.02.28"]
[EventType "tourn"]
[EventRounds "13"]
[EventCountry "SER"]
[EventCategory "10"]
[Source "lmi"]
[SourceDate "2011.02.28"]

1. e4 c6 2. d4 d5 3. Nc3 dxe4 4. Nxe4 Nf6 5. Nxf6+ exf6 6. c3 Bf5 7. Bd3 Qd5 8.
Nf3 Bxd3 9. Qxd3 Bd6 10. O-O O-O 11. c4 Qh5 12. Qb3 b6 13. Qa4 Rc8 14. Be3 Nd7
15. Rac1 Nf8 16. c5 bxc5 17. dxc5 Bc7 18. Rfd1 a5 19. h3 Rab8 20. Qc2 Re8 21.
b3 Ne6 22. Qc4 Rbc8 23. Rd7 f5 24. a3 h6 25. b4 axb4 26. axb4 f4 27. Bd2 Rcd8
28. Rxd8 Rxd8 29. Qe4 Qd5 30. Qxd5 Rxd5 31. Bc3 g5 32. Kf1 f5 33. Re1 Kf7 34.
Ne5+ Bxe5 35. Rxe5 Nc7 36. Rxd5 Nxd5 37. Bd2 Ke6 38. Ke2 Ne7 39. h4 Kd5 40.
hxg5 hxg5 41. Bc3 Kc4 42. Bf6 Nd5 43. Bxg5 Kxb4 44. Kf3 Kxc5 45. Bxf4 1/2-1/2

[Event "Serbia ch 2011"]
[Site "Kragujevac SRB"]
[Date "2011.03.07"]
[Round "7.6"]
[White "Damljanovic, Branko"]
[Black "Sedlak, Nikola"]
[Result "1-0"]
[WhiteElo "2555"]
[BlackElo "2556"]
[PlyCount "59"]
[EventDate "2011.02.28"]
[EventType "tourn"]
[EventRounds "13"]
[EventCountry "SER"]
[EventCategory "10"]
[Source "lmi"]
[SourceDate "2011.02.28"]

1. c4 Nf6 2. d4 g6 3. Nc3 d5 4. Bg5 Ne4 5. Bh4 Nxc3 6. bxc3 dxc4 7. e3 Be6 8.
Be2 Bg7 9. Nf3 c5 10. O-O O-O 11. Ng5 Bd5 12. e4 h6 13. exd5 hxg5 14. Bxg5 cxd4
15. Bxc4 dxc3 16. Re1 Bf6 17. Bxf6 exf6 18. Rc1 Nd7 19. Rxc3 Rc8 20. Ree3 Re8
21. Bb3 Re5 22. g3 b6 23. Qd4 Rc5 24. Rcd3 Rc1+ 25. Kg2 Nc5 26. Rd2 Qd6 27. Ba4
Nxa4 28. Qxa4 Rxd5 29. Re8+ Kg7 30. Qh4 1-0

[Event "Serbia ch 2011"]
[Site "Kragujevac SRB"]
[Date "2011.03.08"]
[Round "8.1"]
[White "Drazic, Sinisa"]
[Black "Tadic, Branko"]
[Result "1-0"]
[WhiteElo "2487"]
[BlackElo "2518"]
[PlyCount "53"]
[EventDate "2011.02.28"]
[EventType "tourn"]
[EventRounds "13"]
[EventCountry "SER"]
[EventCategory "10"]
[Source "lmi"]
[SourceDate "2011.02.28"]

1. Nf3 d5 2. c4 e6 3. d4 Nf6 4. Nc3 c5 5. cxd5 Nxd5 6. e4 Nxc3 7. bxc3 cxd4 8.
cxd4 Bb4+ 9. Bd2 Bxd2+ 10. Qxd2 O-O 11. Bc4 Nd7 12. O-O b6 13. Rad1 Nf6 14.
Rfe1 Bb7 15. Qf4 Rc8 16. Bd3 Rc3 17. d5 exd5 18. e5 Qc7 19. Nd4 a6 20. Ne2 Rxd3
21. Rxd3 Ne4 22. Rc1 Nc5 23. Re3 Rc8 24. h4 Qd7 25. Nd4 Re8 26. Rg3 Ne4 27. e6
1-0